[Event "Ulaanbaatar Mica op 2nd"]
[Site "Ulaanbaatar"]
[Date "2022.03.27"]
[Round "9"]
[White "Lkhagvasuren, Tsedendemberel"]
[Black "Ganbaatar, Ishdagva"]
[Result "0-1"]
[WhiteElo "2160"]
[BlackElo "2059"]
[PlyCount "40"]
[EventDate "2022.03.23"]
[EventType "swiss"]
[EventRounds "9"]
[EventCountry "MGL"]
[SourceTitle "CBM 207 Extra"]
[Source "ChessBase"]
[SourceDate "2022.05.31"]
[SourceVersion "1"]
[SourceVersionDate "2022.05.31"]
[SourceQuality "1"]

1. d4 Nf6 2. c4 c5 3. d5 e6 4. Nc3 exd5 5. cxd5 a6 6. g3 c4 7. Bg2 Bc5 8. Nf3 b5 9. 0-0 0-0 10. a3 d6 11. e4 Nbd7 12. h3 Qb6 13. Qc2 Re8 14. g4 Ne5 15. Nxe5 dxe5 16. Nd1 a5 17. Be3 Bd4 18. Re1 Nd7 19. Qd2 Ba6 20. Kh1 b4 0-1

[Event "MGL"]
[Site "Erdenet"]
[Date "1994.??.??"]
[Round "?"]
[White "Ganbaatar, Ishdagva"]
[Black "Altanoch, Gendengin"]
[Result "0-1"]
[WhiteElo "2175"]
[BlackElo "2350"]
[PlyCount "152"]
[EventDate "1994.??.??"]
[EventType "tourn"]
[EventRounds "15"]
[EventCountry "MGL"]
[EventCategory "1"]
[SourceTitle "TD"]
[Source "ChessBase"]
[SourceDate "1994.03.01"]
[SourceVersion "1"]
[SourceVersionDate "1994.03.01"]
[SourceQuality "1"]

1. c4 Nf6 2. Nf3 e6 3. Nc3 d5 4. d4 Be7 5. g3 0-0 6. Bg2 b6 7. Ne5 Bb7 8. 0-0 Qc8 9. cxd5 Nxd5 10. Nxd5 Bxd5 11. e4 Bb7 12. Be3 Nd7 13. Rc1 Nxe5 14. dxe5 Ba6 15. Re1 Bb4 16. Bd2 Rd8 17. Rc2 Bb5 18. Qc1 Bxd2 19. Rxd2 Rxd2 20. Qxd2 Qd8 21. Qb4 Qd7 22. Bf3 c5 23. Qc3 Rd8 24. h4 Qc6 25. Qc2 Rd4 26. Rd1 Qd7 27. Rxd4 Qxd4 28. Qd1 Qxd1+ 29. Bxd1 Kf8 30. f3 Ke7 31. Kf2 Kd7 32. h5 h6 33. Ke3 Kc6 34. f4 Bc4 35. b3 Ba6 36. g4 Bc8 37. g5 Kd7 38. f5 Ke7 39. Kf4 Bb7 40. f6+ Kf8 41. Bc2 Ba6 42. Bd1 Bd3 43. Bf3 a5 44. g6 Bb1 45. a3 Bc2 46. Ke3 Bxb3 47. Kd3 b5 48. Kc3 Ba4 49. Bg4 b4+ 50. axb4 cxb4+ 51. Kc4 Be8 52. gxf7 Kxf7 53. fxg7 Bd7 54. Bd1 Kxg7 55. Kc5 Kf7 56. Kd6 Ke8 57. Kc5 Ke7 58. Kb6 a4 59. Kc5 b3 60. Kb4 Bc6 61. Ka3 Bxe4 62. Be2 Bc6 63. Bd3 Be8 64. Kb4 Bxh5 65. Kxa4 Bd1 66. Ka3 h5 67. Bf1 Kf7 68. Bh3 h4 69. Kb2 Bc2 70. Kc3 Bf5 71. Bf1 Kg6 72. Kxb3 Kg5 73. Kc3 Kf4 74. Kd4 Kf3 75. Bb5 h3 76. Bc6+ Kf2 0-1

[Event "MGL"]
[Site "Erdenet"]
[Date "1994.??.??"]
[Round "?"]
[White "Sharavdorj, Dashzeveg"]
[Black "Ganbaatar, Ishdagva"]
[Result "0-1"]
[WhiteElo "2335"]
[BlackElo "2175"]
[PlyCount "102"]
[EventDate "1994.??.??"]
[EventType "tourn"]
[EventRounds "15"]
[EventCountry "MGL"]
[EventCategory "1"]
[SourceTitle "TD"]
[Source "ChessBase"]
[SourceDate "1994.03.01"]
[SourceVersion "1"]
[SourceVersionDate "1994.03.01"]
[SourceQuality "1"]

1. d4 f5 2. g3 Nf6 3. Bg2 e6 4. Nf3 d5 5. 0-0 Bd6 6. c4 c6 7. b3 0-0 8. Ba3 Bxa3 9. Nxa3 Qe7 10. Nc2 Nbd7 11. Nce1 b6 12. Nd3 Bb7 13. Rc1 Rac8 14. b4 dxc4 15. Rxc4 Ba6 16. Rc1 Bxd3 17. Qxd3 Qxb4 18. Ng5 Qd6 19. Qb3 Rfe8 20. Qa4 h6 21. Nh3 c5 22. dxc5 Rxc5 23. Rxc5 Nxc5 24. Qxa7 e5 25. Rb1 Rb8 26. Qa3 Qd2 27. e3 g5 28. f4 Ng4 29. Qa7 Rb7 30. Qa8+ Kg7 31. fxe5 Qxe3+ 32. Kh1 Re7 33. Bd5 Ne6 34. Qc6 Qxe5 35. Bf3 Nd4 36. Qc3 Nxf3 37. Qxf3 Qe2 38. Qc3+ Kh7 39. Qb2 Qe4+ 40. Kg1 Qe3+ 41. Nf2 Qf3 42. Nxg4 Re2 43. Qxe2 Qxe2 44. Nf2 b5 45. a3 f4 46. gxf4 gxf4 47. Rb4 Qe3 48. Kg2 f3+ 49. Kg3 Qxa3 50. Rxb5 Qd6+ 51. Kg4 Qd7+ 0-1

[Event "Cheliabinsk-A"]
[Site "Cheliabinsk"]
[Date "1990.??.??"]
[Round "?"]
[White "Ganbaatar, Ishdagva"]
[Black "Maksimovic, Branimir"]
[Result "0-1"]
[WhiteElo "2255"]
[BlackElo "2375"]
[PlyCount "82"]
[EventDate "1990.??.??"]
[EventType "tourn"]
[EventRounds "14"]
[EventCountry "URS"]
[EventCategory "8"]
[SourceTitle "EXT 2000"]
[Source "ChessBase"]
[SourceDate "1999.11.16"]
[SourceVersion "1"]
[SourceVersionDate "1999.11.16"]
[SourceQuality "1"]

1. d4 Nf6 2. c4 e6 3. Nf3 b6 4. a3 Ba6 5. Qa4 c5 6. Bf4 Bb7 7. Nc3 Be7 8. Rd1 cxd4 9. Rxd4 0-0 10. e3 Bxf3 11. gxf3 e5 12. Bxe5 Nc6 13. Bxf6 Bxf6 14. Rg4 Bxc3+ 15. bxc3 Qf6 16. Qc2 Ne5 17. Rf4 Qe7 18. a4 Rac8 19. Be2 Rc6 20. Re4 f5 21. Rf4 Qg5 22. h4 Qg2 23. Rf1 Qh3 24. Rg1 Ng6 25. Rd4 Nxh4 26. Qd1 Qh2 27. Rf1 f4 28. e4 Qh3 29. Qd3 Rf7 30. Rd5 Qe6 31. Qd4 Ng6 32. Rh1 d6 33. Rdh5 h6 34. Qd5 Qxd5 35. exd5 Rc5 36. Rg1 Rf6 37. Kd2 Ne5 38. Rxe5 dxe5 39. Kd3 Kf7 40. Ke4 Rd6 41. Kxe5 Re6+ 0-1

[Event "Cheliabinsk-A"]
[Site "Cheliabinsk"]
[Date "1990.??.??"]
[Round "?"]
[White "Ganbaatar, Ishdagva"]
[Black "Velicka, Petr"]
[Result "0-1"]
[WhiteElo "2255"]
[BlackElo "2345"]
[PlyCount "110"]
[EventDate "1990.??.??"]
[EventType "tourn"]
[EventRounds "14"]
[EventCountry "URS"]
[EventCategory "8"]
[SourceTitle "EXT 2000"]
[Source "ChessBase"]
[SourceDate "1999.11.16"]
[SourceVersion "1"]
[SourceVersionDate "1999.11.16"]
[SourceQuality "1"]

1. d4 Nf6 2. c4 e5 3. e3 exd4 4. exd4 d5 5. Nf3 Be7 6. cxd5 Nxd5 7. Be2 0-0 8. 0-0 Be6 9. Nc3 Nd7 10. Re1 N7b6 11. Ne4 Nf6 12. Ng3 Re8 13. Bd2 h6 14. Qc2 Nbd5 15. a3 c6 16. Rad1 Qb6 17. b4 Rad8 18. Nf5 Bf8 19. Rb1 a6 20. Bd3 Bc8 21. Bc4 Be6 22. Bd3 Qc7 23. Ne5 Ne7 24. Nxe7+ Rxe7 25. Be3 Ng4 26. Bf4 Qc8 27. Rbd1 Kh8 28. Qc3 Nxe5 29. dxe5 Red7 30. Be3 Rd5 31. Bc2 Kg8 32. Rxd5 Rxd5 33. Be4 Rd7 34. f4 g6 35. Qc2 Qe8 36. Rd1 Qd8 37. Rb1 Bd5 38. h3 Bxe4 39. Qxe4 Rd3 40. e6 Qd5 41. Qxd5 cxd5 42. exf7+ Kxf7 43. Kf2 Rxa3 44. b5 a5 45. Rc1 Bd6 46. Bc5 Ra2+ 47. Kf3 Ke6 48. b6 Rb2 49. Bd4 Rb3+ 50. Ke2 a4 51. Rc8 a3 52. Ra8 Bxf4 53. Ra7 Be5 54. Bc5 Rb2+ 55. Kf3 a2 0-1

[Event "Cheliabinsk-A"]
[Site "Cheliabinsk"]
[Date "1990.??.??"]
[Round "?"]
[White "Makarov, Marat"]
[Black "Ganbaatar, Ishdagva"]
[Result "1-0"]
[WhiteElo "2480"]
[BlackElo "2255"]
[PlyCount "61"]
[EventDate "1990.??.??"]
[EventType "tourn"]
[EventRounds "14"]
[EventCountry "URS"]
[EventCategory "8"]
[SourceTitle "EXT 2000"]
[Source "ChessBase"]
[SourceDate "1999.11.16"]
[SourceVersion "1"]
[SourceVersionDate "1999.11.16"]
[SourceQuality "1"]

1. c4 Nf6 2. Nf3 c6 3. d4 d5 4. e3 g6 5. Nc3 Bg7 6. Be2 0-0 7. 0-0 b6 8. b4 dxc4 9. Bxc4 Nd5 10. Nxd5 cxd5 11. Be2 Nc6 12. Qb3 Bg4 13. h3 Be6 14. a4 a5 15. b5 Na7 16. Ba3 h6 17. Rac1 Qd7 18. Ne5 Qb7 19. Nc6 Nxc6 20. bxc6 Qc7 21. Rc3 Rab8 22. Bf3 Rfd8 23. Bxe7 Qxe7 24. c7 Qg5 25. h4 Qxh4 26. cxb8Q Rxb8 27. Bxd5 Bxd5 28. Qxd5 Bf8 29. Rc6 Rd8 30. Rxg6+ Kh8 31. Qxf7 1-0